Super League Greece 2023-2024 - Statistics

General Stats
  • This quiz has been taken 37 times
  • The average score is 11 of 14
Answer Stats
Hint Answer % Correct
2nd AEK
97%
3rd Olympiacos
97%
1st PAOK
97%
4th Panathinaikos
94%
5th Aris
91%
10th OFI
88%
11th Atromitos
81%
6th Lamia
78%
9th Panaitolikos
75%
12th Volos
75%
8th Asteras Tripolis
72%
7th Panserraikos
72%
13th Kifisia
69%
14th PAS Giannina
56%
No matching quizzes found
Score Distribution
Percent of People with Each Score
Percentile by Number Answered
Your Score History
You have not taken this quiz